[Event "South Wales Masters 5th"]
[Site "Monmouth"]
[Date "2000.07.20"]
[Round "9"]
[White "Buckley, David"]
[Black "Naylor, John"]
[Result "1/2-1/2"]
[WhiteElo "2140"]
[BlackElo "2241"]
[PlyCount "90"]
[EventDate "2000.07.16"]
[EventType "tourn"]
[EventRounds "9"]
[EventCountry "WLS"]
[EventCategory "2"]
[SourceTitle "EXT 2001"]
[Source "ChessBase"]
[SourceDate "2000.11.22"]
[SourceVersion "1"]
[SourceVersionDate "2000.11.22"]
[SourceQuality "1"]

1. e4 d5 2. exd5 Nf6 3. c4 c6 4. Nc3 cxd5 5. d4 e6 6. Bg5 Be7 7. c5 Ne4 8. Bxe7 Qxe7 9. Qc2 Nxc3 10. Qxc3 0-0 11. f4 f6 12. Nf3 a5 13. a3 Qc7 14. g3 a4 15. Bh3 Qa5 16. 0-0 Qxc3 17. bxc3 Nc6 18. Rfe1 Kf7 19. Re2 Na5 20. Rae1 Ra6 21. Nd2 g6 22. Bf1 b5 23. Rb1 Bd7 24. Ree1 Rb8 25. Rb4 Ra7 26. Rb2 Rab7 27. Reb1 Bc6 28. Bg2 Re7 29. Bf1 Reb7 30. Kf2 h6 31. Bg2 Re8 32. Bf1 g5 33. Be2 Kg7 34. Re1 Rbe7 35. Bh5 Rb8 36. Bg4 Bd7 37. Re3 Kf8 38. Rb1 f5 39. Bf3 Kf7 40. Rbe1 Bc6 41. h3 Kf6 42. Rb1 Reb7 43. Be2 Nc4 44. Nxc4 bxc4 45. Rb4 Rxb4 1/2-1/2

[Event "South Wales Masters 5th"]
[Site "Monmouth"]
[Date "2000.07.19"]
[Round "7"]
[White "Buckley, Simon T"]
[Black "Naylor, John"]
[Result "0-1"]
[WhiteElo "2237"]
[BlackElo "2241"]
[PlyCount "100"]
[EventDate "2000.07.16"]
[EventType "tourn"]
[EventRounds "9"]
[EventCountry "WLS"]
[EventCategory "2"]
[SourceTitle "EXT 2001"]
[Source "ChessBase"]
[SourceDate "2000.11.22"]
[SourceVersion "1"]
[SourceVersionDate "2000.11.22"]
[SourceQuality "1"]

1. e4 e5 2. Bc4 Nf6 3. d3 Nc6 4. Nf3 Bc5 5. Nc3 d6 6. Bg5 h6 7. Bxf6 Qxf6 8. Nd5 Qd8 9. c3 Ne7 10. d4 Nxd5 11. dxc5 Nf4 12. 0-0 Qf6 13. cxd6 cxd6 14. Bb5+ Ke7 15. Ne1 h5 16. Nd3 Be6 17. Nxf4 exf4 18. f3 h4 19. Qd4 Rh5 20. Be2 Rg5 21. Rf2 h3 22. Bf1 hxg2 23. Rxg2 Rxg2+ 24. Bxg2 Qxd4+ 25. cxd4 Rc8 26. d5 Bd7 27. Rf1 Bb5 28. Ra1 Rc2 29. b3 Kf6 30. a4 Bd3 31. b4 Rb2 32. b5 Rb1+ 33. Rxb1 Bxb1 34. a5 b6 35. axb6 axb6 36. Bf1 Ke5 37. Kf2 f5 38. exf5 Bxf5 39. Bc4 Kd4 40. Bb3 Bd3 41. Kg2 Bxb5 42. Kh3 Bc4 43. Bd1 b5 44. Kg4 b4 45. Kxf4 b3 46. Bxb3 Bxb3 47. Kg5 Bxd5 48. f4 Bf7 49. h4 Ke4 50. h5 Bxh5 0-1